| 000 | 00488nam a2200193 a 4500 | ||
|---|---|---|---|
| 001 | 1760531573519 | ||
| 003 | ACL | ||
| 005 | 20251015180507.0 | ||
| 008 | 251015s2005##################000#0#eng## | ||
| 020 | _a9780446695756 | ||
| 082 | 0 | 4 |
_a658.409 _bFEI |
| 100 | 1 |
_aFeiner, Michael, _eauthor. |
|
| 245 | 1 | 0 | _aThe Feiner Points of Leadership : |
| 260 |
_bBusiness Plus, _c2005. |
||
| 300 | _a304 pages | ||
| 650 | 0 | _aBusiness & Economics. | |
| 942 | _cENGLISH | ||
| 040 |
_aACL _beng _cACL |
||
| 999 |
_c591827 _d591827 |
||